| 000 | 00633nam a22001815i 4500 | ||
|---|---|---|---|
| 001 | 161163 | ||
| 003 | ES-MaACL | ||
| 005 | 20230906212215.0 | ||
| 008 | 990127s1881 gw |||| | fre d | ||
| 040 |
_aAN _bspa _cAN |
||
| 100 | 1 |
_aOtto, Emil. _987950 |
|
| 245 | 1 | 0 |
_aLectures allemandes _b: second recueil de versions allemandes accompagnées de notes explicatives et d'un vocabulaire / _cpar Émile Otto... |
| 250 | _aDeuxiéme édition. | ||
| 260 |
_aHeidelberg : _bJules Groos, _c1881. |
||
| 300 |
_a[14], IX, 197, 43, [5] p. ; _c19 cm. |
||
| 752 |
_aAlemania - _dHeidelberg |
||
| 852 |
_aES-MaACL _jB-3043 _z-- Enc. cartón |
||
| 999 |
_c161163 _d161163 |
||